Normal view MARC view

Entry Personal Name

Number of records used in: 1

001 - CONTROL NUMBER

  • control field: 1171272

003 - CONTROL NUMBER IDENTIFIER

  • control field: OSt

005 - DATE AND TIME OF LATEST TRANSACTION

  • control field: 20260324123704.0

008 - FIXED-LENGTH DATA ELEMENTS

  • fixed length control field: 260324|| aca||aabn | a|a d

040 ## - CATALOGING SOURCE

  • Original cataloging agency: OSt
  • Transcribing agency: OSt

100 ## - HEADING--PERSONAL NAME

  • Personal name: Christopher Williams; Jonathan Cavanagh; Alan Carson; Sharon Smith; Michael Sharpe; Catriona Kent

670 ## - SOURCE DATA FOUND

  • Source citation: Work cat.: (OSt)1765008: Christopher Williams; Jonathan Cavanagh; Alan Carson; Sharon Smith; Michael Sharpe; Catriona Kent, Overcoming Functional Neurological Symptoms: A Five Areas Approach
Copyright @ Delhi University Library System